Dos expedientes de abastecimiento de Maragán, Tánger y Ceuta por factores portugueses del puerto de Santa María (1563-1567) / (Record no. 69639)

MARC details
000 -LEADER
campo de control de longitud fija 01583nam a2200277 i 4500
001 - NÚMERO DE CONTROL
campo de control 69639
003 - IDENTIFICADOR DE NÚMERO DE CONTROL
campo de control ES-MaACL
005 - FECHA Y HORA DE LA ÚLTIMA TRANSACCIÓN
campo de control 20250826111450.0
007 - CAMPO FIJO DE DESCRIPCIÓN FÍSICA--INFORMACIÓN GENERAL
campo de control de longitud fija t|
008 - DATOS DE LONGITUD FIJA--INFORMACIÓN GENERAL
campo de control de longitud fija 040708s1939 mr ||||1| spa d
100 1# - ENTRADA PRINCIPAL--NOMBRE DE PERSONA
Nombre de persona García Figueras, Tomás.
9 (RLIN) 54615
245 10 - MENCIÓN DEL TÍTULO
Título Dos expedientes de abastecimiento de Maragán, Tánger y Ceuta por factores portugueses del puerto de Santa María (1563-1567) /
Mención de responsabilidad, etc. presentados por Tomás García Figueras e Hipólito Sancho Mayi.
260 ## - PUBLICACIÓN, DISTRIBUCIÓN, ETC.
Lugar de publicación, distribución, etc. Tánger :
Nombre del editor, distribuidor, etc. [Instituto General Franco],
Fecha de publicación, distribución, etc. 1939 (
Lugar de fabricación/manufactura Larache :
Fabricante Artes Gráficas Boscá)
300 ## - DESCRIPCIÓN FÍSICA
Extensión VIII, 86 p., 1 map. pleg., [1] h. de lám. ;
Dimensiones 25 cm.
490 1# - MENCIÓN DE SERIE
Mención de serie Publicaciones del Instituto General Franco. Sección 3ª, Utilización de Archivos Españoles ;
Designación de volumen o secuencia 1
490 1# - MENCIÓN DE SERIE
Mención de serie Documentos para el estudio del abastecimiento de las plazas portuguesas desde el sur de España
500 ## - NOTA GENERAL
Nota general Precede al tít.: Publicaciones del Instituto General Franco para la Investigación Hispano-Arabe.
650 #4 - PUNTO DE ACCESO ADICIONAL DE MATERIA--TÉRMINO DE MATERIA
Término de materia o nombre geográfico como elemento de entrada Alimentos-
Subdivisión general Abastecimiento-
Subdivisión geográfica Marruecos-
Subdivisión de forma Historia-
-- Fuentes.
9 (RLIN) 165988
651 #4 - PUNTO DE ACCESO ADICIONAL DE MATERIA--NOMBRE GEOGRÁFICO
Nombre geográfico Marruecos-
Subdivisión general Historia-
Subdivisión cronológica 1516-1830.
9 (RLIN) 165989
700 1# - ENTRADA AGREGADA--NOMBRE PERSONAL
Nombre de persona Sancho, Hipólito,
Fechas asociadas al nombre 1893-1964
9 (RLIN) 103026
710 2# - ENTRADA AGREGADA--NOMBRE DE ENTIDAD CORPORATIVA
Nombre de entidad corporativa o nombre de jurisdicción como elemento de entrada Instituto General Franco de Estudios e Investigación Hispano-Árabe.
9 (RLIN) 149197
830 0# - PUNTO DE ACCESO ADICIONAL DE SERIE-TÍTULO UNIFORME
Título uniforme Publicaciones del Instituto General Franco. Sección 3ª, Utilización de Archivos Españoles ;
Designación de volumen o secuencia 1
9 (RLIN) 231002
830 0# - PUNTO DE ACCESO ADICIONAL DE SERIE-TÍTULO UNIFORME
Título uniforme Documentos para el estudio del abastecimiento de las plazas portuguesas desde el sur de España
9 (RLIN) 231003
852 ## - LOCALIZACIÓN
Ubicación ES-MaACL
Número de control de estantería 1759-F-22
Sublocalización o colección R.19009
Holdings
Estatus retirado Estado de pérdida Estado de daño No para préstamo Colección Biblioteca de origen Biblioteca actual Ubicación en estantería Fecha de adquisición Fuente de adquisición Total de préstamos Signatura topográfica completa Código de barras Visto por última vez Precio de reemplazo Tipo de ítem Koha
        Colección de folletos Biblioteca del Ateneo de Madrid Biblioteca del Ateneo de Madrid Depósito folletos 17/01/2008     1759-F-22 1072919 23/02/2023 23/02/2023 Folleto